| 000 | 00412 a2200133 4500 | ||
|---|---|---|---|
| 245 |
_aEinstein's universe _hprint |
||
| 020 | _a0517385708 | ||
| 700 | _aCalder, Nigel | ||
| 650 | _aProgramming | ||
| 005 | 20191017173800.0 | ||
| 260 |
_anyu _bGreenwich House _c1982, c1979 |
||
| 084 | _aQC173.55 .C34 1982 | ||
| 300 |
_avii, 154 p., [12] p. of plates : ill. _b 24 cm. _cvii, 154 p., [12] p. of plates : ill. ; 24 cm. |
||
| 500 | _aNigel Calder. | ||
| 999 |
_c10728 _d10728 |
||